| 000 | 01325nam a2200337 i 4500 | ||
|---|---|---|---|
| 003 | DO-SdBNP | ||
| 005 | 20260522112608.0 | ||
| 007 | ta | ||
| 008 | 240216b1995 dr ||||| |||| 00| 0 spa d | ||
| 020 | _a8460531465 | ||
| 040 |
_aDO-SdBNP _bspa _cBNPHU _erda |
||
| 041 | _aspa | ||
| 082 | 4 |
_a349.7293 _bJ82i 1995 _222 |
|
| 100 | 1 |
_aJorge Blanco, Salvador, _d1926-2010 _eautor _4aut. _930551 |
|
| 245 | 1 | 0 |
_aIntroducción al derecho / _cSalvador Jorge Blanco ; colaboración, Orlando Jorge Mera ; prólogo, Juan Ml. Pellerano Gómez ; edición, Jeannette Canals, Eduardo Julia |
| 264 | 4 |
_aSanto Domingo : _bEdiciones Capeldom, _c©1995. |
|
| 300 |
_a592 páginas ; _c24 cm. |
||
| 336 |
_atexto _btxt _2rdacontent |
||
| 337 |
_asin mediación _bn _2rdamedia |
||
| 338 |
_avolumen _bnc _2rdacarrier |
||
| 500 | _aIncluye referencias bibliográficas y notas al pie de las páginas. | ||
| 500 | _aIncluye índice alfabético de materias, nombres y analítico | ||
| 590 | _aInventariado, 2018/DG | ||
| 650 | 4 |
_aDerecho _zRepública Dominicana _935307 |
|
| 700 | 1 |
_aJorge Mera, Orlando, _ecolaborador _4col _984926 |
|
| 700 | 1 |
_aPellerano Gómez, Juan Ml., _eprologuista _4pr. _917189 |
|
| 700 | 1 |
_aCanals, Jeannette, _eeditor _4ed. _910203 |
|
| 700 | 1 |
_aJulia, Eduardo, _eeditor _4ed. _972281 |
|
| 910 | _aBtavárez | ||
| 942 |
_2ddc _cLBS1 |
||
| 999 |
_c55961 _d55961 |
||